Top 40 -- Largest City in Each Country Beginning With V - Statistics

General Stats
  • This quiz has been taken 62 times
  • The average score is 16 of 40
Answer Stats
# Population Country Answer % Correct
14 525,016 Turkey Van
100%
1 3,175,000 Canada Vancouver
100%
3 2,375,000 Austria Vienna
98%
4 2,100,000 Venezuela Valencia
94%
5 1,940,000 Spain Valencia
94%
12 592,156 Lithuania Vilnius
88%
15 408,900 Italy Verona
85%
9 1,060,000 Chile Valparaiso
83%
11 620,157 Laos Vientiane
83%
21 318,737 Bulgaria Varna
69%
8 1,130,000 Russia Voronezh
67%
10 939,046 Mexico Veracruz
65%
7 1,650,000 United States Virginia Beach
56%
6 1,870,000 Brazil Vitória
56%
18 359,148 Belarus Vitebsk
54%
2 2,475,000 India Vishakhapatnam
44%
24 131,643 Sweden Västerås
42%
26 127,441 Greece Vólos
40%
17 369,739 Ukraine Vinnytsia
37%
16 377,922 South Africa Vereeniging
29%
39 70,361 Finland Vaasa
25%
20 332,838 France Valenciennes
25%
34 83,970 Netherlands Venlo / Blerick / Tegelen
23%
13 531,600 Colombia Villavicencio
21%
29 98,000 Germany Villingen-Schwenningen
21%
19 341,552 Vietnam Vũng Tàu
15%
36 80,647 Belgium Verviers
13%
27 107,433 Mauritius Vacoas/Phoenix
12%
37 75,186 Armenia Vanadzor
10%
38 71,365 Portugal Viseu
10%
32 88,600 Malaysia Val d'Or
6%
31 90,420 Switzerland Vevey - Montreux
4%
35 83,650 Honduras Villanueva
4%
40 67,096 Cote d'Ivoire Vavoua
2%
22 210,288 Pakistan Vehāri
0%
28 99,199 Bolivia Viacha
0%
30 95,717 Philippines Vigan
0%
23 193,582 Argentina Villa Carlos Paz
0%
25 128,973 Panama Vista Alegre
0%
33 85,000 Tanzania Vwawa
0%
No matching quizzes found
Score Distribution
Percent of People with Each Score
Percentile by Number Answered
Your Score History
You have not taken this quiz